Jeux mobiles en image A-Z - Statistiques

Statistiques générales
  • Ce quiz a été pris 73 fois
  • Le résultat moyen est 5 sur 26
Statistiques - réponses
Par images Hint Réponse % Correct
A Among Us
98%
C Clash of Clans
80%
F Fruit Ninja
77%
G Geometry Dash
77%
U UNO!
70%
Z Zombie Tsunami
39%
P Plague Inc.
27%
Y Yu-Gi-Oh! Master Duel
17%
T Terraria
11%
E Exploding Kittens
6%
B Badland
5%
M Monument Valley
5%
S Storyteller
5%
V Vampire Survivors
3%
D Dancing Line
2%
H Hungry Shark Evolution
2%
K Knife Hit
2%
L Little Alchemy
2%
O Oceanhorn
2%
I Icy Tower
0%
J Just Dance Now
0%
N Need for Speed : No Limits
0%
Q Questland
0%
R Rodeo Stampede
0%
W Wordscapes
0%
X X-Clash
0%
Aucun quiz correspondant
Distribution des résultats
% des personnes avec chaque résultat
Percentile par nombre de réponses
Votre historique - résultats
Vous n’avez pas pris ce quiz